Chicago Fire 1 - Statistics

General Stats
  • This quiz has been taken 50 times
  • The average score is 13 of 20
Answer Stats
Question Answer % Correct
What number is the Firehouse in the Chicago Fire series? 51
97%
After Andy Darden died a new fire fighter joins firehouse 51. His name is Peter Mills. He becomes a much liked member of the team. What rank does he hold in the department? Candidate
86%
During a call at a prision all of firehouse 51 are one scene. The paramedics find an injured guard who is unconcious. The PIC( Gabby Dawson) asks the other guard that was with them to get help. But he cant leave the group. So the other paramedic ask's Peter Mills to help Gabby while they go with the guard.What is the name of the other paramedic that goes with the guard? Shay
81%
Andy Darden was a fire fighter from Firehouse 51. He as killed in the 1st episode of season 1. How did he die? The house he was in exploded and caught fire
81%
Some of the characters in Chicago Fire have unusal nicknames. There are reasons why the have these nicknames it could be from the academy or from the firehouse. There is a character called Randall McHolland. His nickname is Mouch. How did his nickname come around? Man and couch. He loved the couch.
78%
In mostly ever scene since season 1 there is a popular pub/bar which is always used by firefighters/police and doctors/nurses.Also used by members of the public. It is owed by a three person stake of Gabby Dawson,Otis and Herrmann. There has been some good scenes involving this bar.What is the bar called? Molly's
73%
In season 3 Chief Boden marries Donna. They had met at her house when a fire started and they eventually dated. They married at the firehouse with 51 present. Just after the wedding there was a call to a factory fire. Something happened at this fire that would play out in a couple episodes of Chicago Fire and Chicago PD. What happened? The factory roof collapsed and it killed Leslie Shay of Ambulance 61
68%
In a episode there is a fire in a high rise tower appartment block. Cruz finds and helps this women. They eventually go on a date and later become engaged. The later get married during the series. What is this women's name? Chloe
65%
During the prision episode ( from question 5) as Casey, Herrmann, Joe Cruz and a guard that was with them to secure the area they find out that it was a set up because a guard was killed. This caused a fight between the convicts and the firefighters and the guard. One of the convicts grabbed Herrmann and held him at knife point. The convict wanted out as he was getting bullied by the guards and the warden. This was an emotional scene as something was happening for Herrmann at this time. What was happening? His wife Cindy had gone into labour with their 5th child and it was a complicated birth
65%
In the episode "what went wrong" firehouse 51 are at a house fire. Blake Gallo see's a distrubed kid trying to enter the house to save his family. Blake stops the kid but goes into the burning house against Captain Casey's orders. Casey is angry with Gallo for making a stupid call that could been fatal. Something triggered Gallo to go into the fire alone what was it? He tried to save his family from a burning fire but he was the only survivor.
59%
Gabriella Dawson is a character in the Chicago Fire series and is the PIC for Firehouse 51. Do you know what PIC means? Person In Charge
59%
An firefight from firehouse 51 has an unusal name. His name is called Brian Zvonecek. His nickname was called "Otis". Why was his nickname that? His specialism in elavators.
57%
In season 7 episode 2 there is a fire in a high rise building. Not only are firehouse 51 at the fire but also other fire houses. When climbing up the stairs Mouch meets a young firefighter called Darren Ritter. Darren stays on the stairs and refuses to move any further. Mouch is angry because he left his Captain"Casey". Why does Darren Ritter refuse to move? He is scared
54%
In season 1 we see Benny Severide who is Lieutenent Kelly Severides father. Benny was a former firefighter who worked with Chief Boden and Henry Mills( father of Peter Mills). There was some conflict between Peter,Benny and Cheif Boden. Henry Mills was also a fire fighter who worked with Benny and Wallace Boden.Henry was due an award for valor but Benny declined on his behalf. Why did he do this? Henry never followed orders and this resulted in a death of a fire fighter.
54%
After a hard days work some the firefighters from 51 go to Molly's. While Ritter is having a drink two guys start fighting with him. His fellow firefighters stood up for him. But what was this fight about? He kisses his boyfriend and people started using homophobic abuse against him
51%
In season 11 Cindy Hermann has been not well. She thinks it might be covid. Her husband Christopher makes an appointment with the hospital. during this season Hermann has been struggling. Help his wife with going to hospital appointments.Firehouse 51 does help him out as they say every firefighters family is theirs. What is up with Cindy? she has a type of cancer which turns out to be lung cancer.
51%
When Otis dies Firehouse 51 need to recruit a new candidate/firefighter. The captain at the time Matt Casey see's a firefighter called Blake Gallo. He is trying too save someone by climbing five floors. Matt takes an interest in him and asks the Chief if they can get him. The Chief says no. Why? Chief Boden turns him down due to Blake's impulsiveness
49%
Paramedic Violet Mikami is in a relationship with Paramedic Field Chief Evan Hawkins. They have too keep the relationship quiet because it could cause Cheif Hawkins to lose his job. There has been some of tension with a old Paramedic of Firehouse 51 (Emma Jacobs) that was trying to blackmail Chief Hawkins which she said if Violet is not sacked she will go public about their relationship A building collapses on him while saving a citizen
46%
In season 4 through to season 5 there is a character called Jimmy Borelli. He is a firefighter and just joined firehouse 51 and works on truck 81.During a call his brother dies when a building collapses. He blames Cheif Boden and firehouse 51 for not saving him. He gets injured and has to retire for active duty. How does he get injured? He is critically injured during an explosion that results his losing his left eye and ending his firefighter carer.
46%
When Matt Casey returns to firehouse 51 after he had left to Portland Oregon to look after the Darden boys during a close call he realizes that PIC Slyvie Brett is the one he wants to spend his life with. He finally proposes too her. She says yes and they will get married and will move to Portland to be together. Slyvie stays with firehouse 51 because she wants married with them at the ceremony. Where do they actually get married? An aquarium
32%
No matching quizzes found
Score Distribution
Percent of People with Each Score
Percentile by Number Answered
Your Score History
You have not taken this quiz